| 000 | 00477nam a2200169Ia 4500 | ||
|---|---|---|---|
| 008 | 230718s9999 xx 000 0 und d | ||
| 041 | _aeng | ||
| 082 |
_a621.3815 _bCOU |
||
| 100 |
_aCoughlin R.F. _9149564 |
||
| 245 | _aOperational Amplifiers And Linear Integrated Circuits | ||
| 250 | _a4th ed. | ||
| 260 |
_c1994 _bPrentice Hall Of India |
||
| 300 | _a502 | ||
| 365 |
_cRs. _b150.00 |
||
| 700 | _aCoughlin R.F. & Driscoll F.F. | ||
| 906 |
_dB:171530-Jan-1997 _cETC _b22.5 |
||
| 999 |
_c295907 _d295907 |
||